000 00450nam a2200181Ia 4500
001 1090
005 20260306140606.0
008 260306t2010||||xx |||||||||||||| ||spa||
041 _aESP
082 _a180
_bR31H 2010 T. 1.1
100 _aReale, Giovanni
_eAUT
245 0 _aHistoria de la filosofía I:
_bde la antigüedad a la Edad Media
260 _c2010
300 _a
_c26 cm.
650 _aGEN
654 _aCHU
942 _cLIB
_dJUS
_fJUS
_2ddc
_n
999 _c1090
_d1090